Państwa mające populacje pomiędzy 15 a 30 milionów - Statystyki

Ogólne statystyki
  • Ten quiz został rozwiązany 19 razy
  • Średni wynik to 17 z 24
Statystyki odpowiedzi
Populacja Kraj % Poprawnych
18M Chile
100%
26M Australia
86%
17M Ekwador
86%
18M Senegal
86%
29M Wenezuela
86%
18M Czad
79%
18M Gwatemala
79%
26M Korea Północna
79%
20M Mali
79%
29M Wybrzeże Kości Słoniowej
79%
19M Kazachstan
71%
21M Syria
71%
19M Zambia
71%
15M Zimbabwe
71%
17M Kambodża
64%
28M Madagaskar
64%
24M Niger
64%
18M Rumunia
64%
23M Tajwan
64%
17M Holandia
57%
29M Kamerun
57%
22M Burkina Faso
50%
23M Sri Lanka
50%
20M Malawi
36%
Nie znaleziono quizów pasujących do podanych kryteriów
Rozkład punktacji
Procent ludzi z każdym wynikiem
Percentyl według liczby udzielonych odpowiedzi
Twoja historia wyników
Nie rozwiązałeś tego quizu